ბათუმის შოთა რუსთაველის სახელმწიფო უნივერსიტეტის ბიბლიოთეკა

უმაღლესი განათლების სახელმწიფო დაფინანსების გავლენა ქვეყნის სოციალურ-ეკონომიკურ განვითარებაზე = The influence of government funding of higher education on the socio-economic development of the country : (ბიბ.ჩანაწერი № 61402)

000 -ლიდერი
ფიქსირებული სიგრძის საკონტროლო ველი 03206nam a22003617a 4500
003 - საკონტროლო ნომრის იდენტიფიკატორი
საკონტროლო ველი Ge_BSU
005 - ბოლო ოპერაციის თარიღი და დრო
საკონტროლო ველი 20240325113206.0
008 - ფიქსირებული სიგრძის მონაცემთა ელემენტები - ზოგადი ინფორმაცია
ფიქსირებული სიგრძის საკონტროლო ველი 240306s2023 ge ||||| |||| 00| 0 geo d
020 ## - წიგნის საერთაშორისო სტანდარტული ნომერი
International Standard Book Number 9789941861758
041 ## - ენის კოდი
Language code of text/sound track or separate title geo
080 ## - უნივერსალური ათობითი კლასიფიკაციის ინდექსი
Universal Decimal Classification number 378.014.543(479.22) შ-21
100 ## - მთავარი ჩანაწერი - პიროვნების სახელი
Personal name შაინიძე, ეკატერინე
9 (RLIN) 11225
245 ## - ცნობა სათაურის შესახებ
Title უმაღლესი განათლების სახელმწიფო დაფინანსების გავლენა ქვეყნის სოციალურ-ეკონომიკურ განვითარებაზე = The influence of government funding of higher education on the socio-economic development of the country :
Remainder of title მონოგრაფია /
Statement of responsibility, etc ავტორები: ეკატერინე შაინიძე, გიორგი ქათამაძე, ნესტან ვარშანიძე, გიორგი აბაშიძე [და სხვა]; ბათუმის შოთა რუსთაველის სახელმწ. უნივერსიტეტი, ეკონომიკისა და ბიზნესის ფაკულტეტი.
264 ## - წარმოების, გამოცემის, დისტრიბუციის და სხვა ცნობები
გამოცემის, წარმოების, დისტრიბუციის... ადგილი ბათუმი,
გამოცემის, წარმოების, დისტრიბუციის... თარიღი 2023.
300 ## - ფიზიკური აღწერა
Extent 248 გვ. :
Other physical details დიაგრ., ცხრ. ;
Dimensions 21 სმ
500 ## - ზოგადი შენიშვნა
General note გარეკანი და ტექსტი ქართულ და ინგლისურ ენებზე.
501 ## - შენიშვნა თანმხლებ მასალაზე
With note გამოცემა დაფინანსებულია ბათუმის შოთა რუსთაველის სახელმწ. უნივერსიტეტის მიერ.
504 ## - BIBLIOGRAPHY, ETC. NOTE
Bibliography, etc ბიბლიოგრაფია: გვ. 244-247
653 ## - INDEX TERM--UNCONTROLLED
Uncontrolled term უმაღლესი განათლების დაფინანსება საქართველოში.
700 ## - ADDED ENTRY--PERSONAL NAME
Personal name ქათამაძე, გიორგი
Relator term ავტორი
9 (RLIN) 3843
700 ## - ADDED ENTRY--PERSONAL NAME
Personal name ვარშანიძე, ნესტან
Relator term ავტორი
9 (RLIN) 21344
700 ## - ADDED ENTRY--PERSONAL NAME
Personal name აბაშიძე, გიორგი,
Relator term ავტორი
9 (RLIN) 1217
700 ## - ADDED ENTRY--PERSONAL NAME
Personal name მამულაძე, ნინო
Relator term ავტორი
9 (RLIN) 21345
700 ## - ADDED ENTRY--PERSONAL NAME
Personal name ფოლადაშვილი, თამარ
Relator term ავტორი
9 (RLIN) 13667
700 ## - ADDED ENTRY--PERSONAL NAME
Personal name სურმანიძე, იამზე
Relator term ავტორი
9 (RLIN) 13683
700 ## - ADDED ENTRY--PERSONAL NAME
Personal name გიორგაძე, ტარიელ და სხვ.
Relator term ავტორი
9 (RLIN) 21346
700 ## - ADDED ENTRY--PERSONAL NAME
Personal name ღოღობერიძე, თამარ
Relator term ავტორი, მთარგმნელი
9 (RLIN) 3192
700 ## - ADDED ENTRY--PERSONAL NAME
Personal name აროშიძე, პაატა
Relator term სამეცნიერო რედაქტორი
9 (RLIN) 4137
700 ## - ADDED ENTRY--PERSONAL NAME
Personal name მოსიაშვილი, დათო
Relator term დიზაინერი.
9 (RLIN) 7743
710 ## - ADDED ENTRY--CORPORATE NAME
Corporate name or jurisdiction name as entry element ბათუმის შოთა რუსთაველის სახელმწ. უნივერსიტეტი.
Subordinate unit ეკონომიკისა და ბიზნესის ფაკულტეტი
9 (RLIN) 21347
773 ## - HOST ITEM ENTRY
Title ნაჩუქარი
942 ## - ADDED ENTRY ELEMENTS (KOHA)
Source of classification or shelving scheme
Koha item type წიგნი
ეგზემპლარები
ჩამოწერის სტატუსი დაკარგული ეგზემპლარის სტატუსი კლასიფიკაციის წყარო ან თაროზე გაწყობის სქემა დაზიანების სტატუსი არ გაიცემა მუდმივი მდებარეობა (დაცვის ადგილი) ამჟამინდელი ადგილსამყოფელი თაროზე განთავსების ადგილი შეძენის თარიღი ღირებულება, შესყიდვის ნორმალური ფასი სრული შენახვის შიფრი შტრიხკოდი ბოლო ოპერაციის თარიღი ეგზემპლარის მიმდევრობითი ნომერი (კეტერი?) ფასის ძალაში შესვლის თარიღი ეგზემპლარის სახეობა საჯარო შენიშვნა Cost, replacement price Uniform Resource Identifier
          ბათუმის შოთა რუსთაველის სახელმწიფო უნივერსიტეტის მთავარი ბიბლიოთეკა ბათუმის შოთა რუსთაველის სახელმწიფო უნივერსიტეტის მთავარი ბიბლიოთეკა წიგნსაცავი 2024-03-06 8.00 378.014.543(479.22) შ-21 67658 2024-03-06 67658 2024-03-06 წიგნი 8 ლ.    
          ბათუმის შოთა რუსთაველის სახელმწიფო უნივერსიტეტის მთავარი ბიბლიოთეკა ბათუმის შოთა რუსთაველის სახელმწიფო უნივერსიტეტის მთავარი ბიბლიოთეკა წიგნსაცავი 2024-03-06 8.00 378.014.543(479.22) შ-21 67659 2024-03-06 67659 2024-03-06 წიგნი 8 ლ.    
          ბათუმის შოთა რუსთაველის სახელმწიფო უნივერსიტეტის მთავარი ბიბლიოთეკა ბათუმის შოთა რუსთაველის სახელმწიფო უნივერსიტეტის მთავარი ბიბლიოთეკა წიგნსაცავი 2024-03-06 8.00 378.014.543(479.22) შ-21 67660 2024-03-06 67660 2024-03-06 წიგნი 8 ლ.    
          ბათუმის შოთა რუსთაველის სახელმწიფო უნივერსიტეტის მთავარი ბიბლიოთეკა ბათუმის შოთა რუსთაველის სახელმწიფო უნივერსიტეტის მთავარი ბიბლიოთეკა წიგნსაცავი 2024-03-25 8.00 378.014.543(479.22) შ-21 67710 2024-03-25 67710 2024-03-25 წიგნი 8.00 0.00  
          ბათუმის შოთა რუსთაველის სახელმწიფო უნივერსიტეტის მთავარი ბიბლიოთეკა ბათუმის შოთა რუსთაველის სახელმწიფო უნივერსიტეტის მთავარი ბიბლიოთეკა წიგნსაცავი 2025-01-31 8.00 378.014.543(479.22) შ-21 70531 2025-01-31 70531 2025-01-31 წიგნი 8.00   ნაჩუქარი